[Event "Eurasian Blitz Chess Cup"]
[Site "Almaty KAZ"]
[Date "2016.06.19"]
[Round "15.3"]
[White "Amonatov, Farrukh"]
[Black "Artemiev, Vladislav"]
[Result "1-0"]
[WhiteTitle "GM"]
[BlackTitle "GM"]
[WhiteElo "2614"]
[BlackElo "2653"]
[WhiteFideId "14700077"]
[BlackFideId "24101605"]
[EventDate "2016.06.18"]

1. e4 c5 2. Nc3 d6 3. Bb5+ Nd7 4. f4 a6 5. Bxd7+ Bxd7 6. Nf3 g6 7. O-O Bg7 8. d3
e6 9. Be3 Nf6 10. h3 O-O 11. e5 Nd5 12. Nxd5 exd5 13. exd6 d4 14. Bd2 Bc6 15.
Ne5 Bd5 16. b4 b6 17. bxc5 bxc5 18. d7 f6 19. Ng4 h5 20. Nh2 f5 21. Nf3 Qxd7 22.
Ne5 Qd6 23. c4 dxc3 24. Bxc3 Kh7 25. Qd2 Rad8 26. d4 Be4 27. Rad1 cxd4 28. Bb4
Qe6 29. Bxf8 Bxf8 30. Qa5 Rc8 31. Rxd4 Bc5 32. Rd1 Qd6 33. Qc3 Rd8 34. Qc4 Bxd4+
35. Kh2 Qd5 36. Qc7+ Kg8 37. Rxd4 1-0

[Event "Eurasian Blitz Chess Cup"]
[Site "Almaty KAZ"]
[Date "2016.06.19"]
[Round "15.5"]
[White "Gelfand, Boris"]
[Black "Le, Quang Liem"]
[Result "1/2-1/2"]
[WhiteTitle "GM"]
[BlackTitle "GM"]
[WhiteElo "2734"]
[BlackElo "2718"]
[WhiteFideId "2805677"]
[BlackFideId "12401137"]
[EventDate "2016.06.18"]

1. d4 Nf6 2. c4 e6 3. Nf3 d5 4. Nc3 Be7 5. Bf4 O-O 6. e3 Nbd7 7. Be2 dxc4 8. O-O
c5 9. dxc5 Nxc5 10. Bxc4 Qxd1 11. Rfxd1 b6 12. Ne5 Bb7 13. f3 Rfd8 14. e4 a6 15.
Bf1 Rac8 16. Nc4 Rxd1 17. Rxd1 b5 18. Nd6 Bxd6 19. Bxd6 h6 20. Ne2 Ne8 21. Bg3
Kf8 22. b4 Na4 23. Rd7 Bc6 24. Ra7 Ra8 25. Rxa8 Bxa8 26. Kf2 Ke7 27. Ke3 Nd6 28.
Bxd6+ Kxd6 29. Kd2 f5 30. exf5 exf5 31. Nd4 Ke5 32. Nc2 Bd5 33. a3 Nb6 34. Ne3
Be6 35. g3 f4 36. Ng2 g5 37. gxf4+ gxf4 38. Ne1 Bc4 39. Bxc4 Nxc4+ 40. Kc3 Nxa3
41. Nd3+ Kf5 42. Nc5 Nc4 43. Nxa6 Ne5 44. Nc7 Nxf3 45. Nxb5 Nxh2 46. Kd3 Nf3 47.
Nd6+ Ke6 48. Ne4 Ne5+ 49. Kd4 Nc6+ 50. Kc5 Ke5 51. Nd2 Nxb4 52. Kxb4 Kd4 53. Kb5
Kd3 54. Nf1 h5 55. Kc5 Ke2 56. Nh2 Kf2 57. Kd4 Kg2 58. Ke4 Kxh2 59. Kxf4 h4 60.
Kf3 Kg1 61. Kg4 1/2-1/2

[Event "Eurasian Blitz Chess Cup"]
[Site "Almaty KAZ"]
[Date "2016.06.19"]
[Round "15.7"]
[White "Aleksandrov, Aleksej"]
[Black "Nepomniachtchi, Ian"]
[Result "0-1"]
[WhiteTitle "GM"]
[BlackTitle "GM"]
[WhiteElo "2577"]
[BlackElo "2719"]
[WhiteFideId "13500139"]
[BlackFideId "4168119"]
[EventDate "2016.06.18"]

1. d4 g6 2. e4 Bg7 3. Nc3 d6 4. Nf3 a6 5. a4 Nf6 6. h3 Nc6 7. Be3 O-O 8. Be2 e5
9. dxe5 Nxe5 10. Nxe5 dxe5 11. Bc5 Re8 12. Qxd8 Rxd8 13. Bc4 Bf8 14. Bxf8 Kxf8
15. f3 a5 16. Rd1 Rxd1+ 17. Nxd1 Ke7 18. Ke2 Nh5 19. Kf2 Nf4 20. Nc3 c6 21. h4
Be6 22. Bxe6 Nxe6 23. Rd1 f5 24. exf5 gxf5 25. Re1 Kf6 26. Rd1 Nd4 27. f4 Rg8
28. Rd2 Rg4 29. fxe5+ Kxe5 30. g3 f4 31. gxf4+ Rxf4+ 32. Kg3 Nf5+ 33. Kg2 Nxh4+
34. Kh3 Nf5 35. Rd7 Rh4+ 36. Kg2 Rb4 37. b3 Ne3+ 38. Kf3 Nxc2 0-1

[Event "Eurasian Blitz Chess Cup"]
[Site "Almaty KAZ"]
[Date "2016.06.19"]
[Round "15.9"]
[White "Jones, Gawain C B"]
[Black "Megaranto, Susanto"]
[Result "1-0"]
[WhiteTitle "GM"]
[BlackTitle "GM"]
[WhiteElo "2650"]
[BlackElo "2535"]
[WhiteFideId "409561"]
[BlackFideId "7101384"]
[EventDate "2016.06.18"]

1. e4 d5 2. exd5 Qxd5 3. Nc3 Qd6 4. d4 Nf6 5. Nf3 a6 6. g3 Bg4 7. h3 Bxf3 8.
Qxf3 c6 9. Be3 e6 10. O-O-O Nbd7 11. Bf4 Qb4 12. Bc7 Rc8 13. a3 Qe7 14. Bf4 Qd8
15. Bd3 Be7 16. Kb1 Nd5 17. Bd2 Nxc3+ 18. Bxc3 O-O 19. g4 b5 20. h4 a5 21. g5 b4
22. Qe4 g6 23. h5 Bxg5 24. hxg6 hxg6 25. axb4 axb4 26. Bxb4 Rb8 27. Bxf8 Qxf8
28. f4 Qb4 29. b3 Bf6 30. Rhg1 Nc5 31. Rxg6+ fxg6 32. Qxg6+ Bg7 33. dxc5 Qc3 34.
Qxe6+ Kf8 35. Qd6+ Kf7 36. Bg6+ 1-0

[Event "Eurasian Blitz Chess Cup"]
[Site "Almaty KAZ"]
[Date "2016.06.19"]
[Round "15.10"]
[White "Shoker, Samy"]
[Black "Saric, Ivan"]
[Result "1-0"]
[WhiteTitle "GM"]
[BlackTitle "GM"]
[WhiteElo "2489"]
[BlackElo "2660"]
[WhiteFideId "627143"]
[BlackFideId "14508150"]
[EventDate "2016.06.18"]

1. c4 g6 2. g3 Bg7 3. Bg2 c5 4. Nc3 Nc6 5. a3 d6 6. Rb1 a5 7. d3 Nf6 8. Nf3 O-O
9. O-O Bd7 10. Bd2 Ne8 11. Qc1 Nc7 12. Bh6 a4 13. Bxg7 Kxg7 14. e3 Na5 15. Qd1
Nb3 16. Nd2 Nxd2 17. Qxd2 Rb8 18. Qc2 b5 19. cxb5 Nxb5 20. Nxa4 Qa5 21. Nc3 Be6
22. Rfc1 f6 23. Ne4 Rfc8 24. Nd2 Qa6 25. Bf1 Qa7 26. Ra1 Nc7 27. b3 Rb6 28. Nc4
Ra6 29. Qb2 Ra8 30. d4 cxd4 31. exd4 Nb5 32. d5 Bf7 33. Ne3 Rxa3 34. Rxa3 Qxa3
35. Qxa3 Nxa3 36. Ra1 Ra7 37. Nc2 Nxc2 38. Rxa7 Bxd5 39. Rxe7+ Kf8 40. Rxh7 Bxb3
41. Rd7 d5 42. Bg2 d4 43. Be4 Be6 44. Rd6 Bf5 45. Bxc2 Bxc2 46. Rxd4 1-0

[Event "Eurasian Blitz Chess Cup"]
[Site "Almaty KAZ"]
[Date "2016.06.19"]
[Round "15.11"]
[White "Dzhumagaliev, Yan"]
[Black "Moiseenko, Alexander"]
[Result "0-1"]
[WhiteTitle "FM"]
[BlackTitle "GM"]
[WhiteElo "2400"]
[BlackElo "2648"]
[WhiteFideId "24100110"]
[BlackFideId "14102560"]
[EventDate "2016.06.18"]

1. d4 Nf6 2. c4 e6 3. g3 Bb4+ 4. Bd2 c5 5. Bxb4 cxb4 6. Bg2 O-O 7. e4 d6 8. Ne2
e5 9. O-O Nc6 10. a3 Qb6 11. d5 Nb8 12. Qa4 Bg4 13. Re1 Na6 14. axb4 Nxb4 15.
Ra3 Nd7 16. h3 Nc5 17. Qd1 Bxe2 18. Qxe2 f5 19. exf5 Rxf5 20. Nd2 Nc2 21. Ne4
Nxe1 22. Qxe1 Raf8 23. g4 Rf4 24. Ng5 Rxf2 25. b4 Nd3 26. c5 Rxg2+ 0-1

[Event "Eurasian Blitz Chess Cup"]
[Site "Almaty KAZ"]
[Date "2016.06.19"]
[Round "15.12"]
[White "Sjugirov, Sanan"]
[Black "Onischuk, Vladimir"]
[Result "0-1"]
[WhiteTitle "GM"]
[BlackTitle "GM"]
[WhiteElo "2665"]
[BlackElo "2613"]
[WhiteFideId "4189302"]
[BlackFideId "14114038"]
[EventDate "2016.06.18"]

1. d4 d6 2. e4 Nf6 3. Nc3 g6 4. Bg5 Bg7 5. Qd2 h6 6. Bf4 c6 7. h3 Nfd7 8. Nf3 e5
9. Be3 Qe7 10. Rd1 a6 11. Be2 b5 12. a3 Bb7 13. O-O h5 14. Bg5 f6 15. Be3 Nf8
16. Nh4 Nbd7 17. f4 exd4 18. Bxd4 O-O-O 19. b4 Rg8 20. a4 f5 21. Bxg7 Rxg7 22.
axb5 cxb5 23. Nf3 fxe4 24. Ng5 Nf6 25. Qe3 d5 26. Qd4 Ne6 27. Nxe6 Qxe6 28. Ra1
Rc7 29. Ra2 Qc6 30. Nd1 Nd7 31. Kh1 Qb6 32. Qg7 Nf8 33. Qe5 Nd7 34. Qg7 d4 35.
Nf2 Nf6 36. Qh6 e3 37. Nd3 Ne4 38. Kh2 Nc3 39. Bf3 Nxa2 40. Bxb7+ Rxb7 41. Nc5
Nc3 42. Qg5 Rc7 43. f5 Rxc5 44. bxc5 Qxc5 45. Qxg6 Qd6+ 46. Qxd6 Rxd6 47. f6 Rd8
48. g4 hxg4 49. hxg4 Kd7 50. Kg3 Ke6 51. g5 e2 52. Re1 d3 53. cxd3 Rxd3+ 54. Kf2
Rd1 0-1

[Event "Eurasian Blitz Chess Cup"]
[Site "Almaty KAZ"]
[Date "2016.06.19"]
[Round "15.13"]
[White "Vakhidov, Jahongir"]
[Black "Dreev, Aleksey"]
[Result "0-1"]
[WhiteTitle "GM"]
[BlackTitle "GM"]
[WhiteElo "2578"]
[BlackElo "2664"]
[WhiteFideId "14201801"]
[BlackFideId "4100107"]
[EventDate "2016.06.18"]

1. d4 d5 2. c4 c6 3. Nc3 Nf6 4. cxd5 cxd5 5. Bf4 Nc6 6. e3 Bg4 7. Qb3 Na5 8.
Qa4+ Bd7 9. Qc2 e6 10. Bd3 Nc6 11. a3 Nh5 12. Bg3 Rc8 13. Nf3 Nxg3 14. hxg3 g6
15. g4 Bg7 16. Rc1 O-O 17. g5 e5 18. dxe5 Nxe5 19. Nxe5 Bxe5 20. f4 d4 21. Qf2
dxc3 22. Qh4 h5 23. fxe5 cxb2 24. Rxc8 Qxc8 25. O-O Qc3 26. Qd4 Qxd4 27. exd4
Be6 28. Rf2 Rd8 29. Rxb2 Rxd4 30. Be2 b6 31. Bf3 Ra4 32. Rd2 Rxa3 33. Rd8+ Kg7
34. Rd6 Ra5 35. Rc6 Rxe5 36. Rc7 a5 37. Rb7 b5 38. Kf2 b4 39. Kg3 Rxg5+ 40. Kh4
Rc5 41. g4 hxg4 42. Be4 b3 43. Bb1 a4 44. Rb4 a3 0-1

[Event "Eurasian Blitz Chess Cup"]
[Site "Almaty KAZ"]
[Date "2016.06.19"]
[Round "15.14"]
[White "Fressinet, Laurent"]
[Black "Hou, Yifan"]
[Result "1/2-1/2"]
[WhiteTitle "GM"]
[BlackTitle "GM"]
[WhiteElo "2687"]
[BlackElo "2663"]
[WhiteFideId "608742"]
[BlackFideId "8602980"]
[EventDate "2016.06.18"]

1. Nf3 Nf6 2. g3 d5 3. Bg2 e6 4. O-O Be7 5. c4 d4 6. b4 O-O 7. Bb2 c5 8. d3 a5
9. bxc5 Bxc5 10. Ba3 Na6 11. Bxc5 Nxc5 12. Nbd2 a4 13. Qb1 Qd6 14. Qb4 Ra6 15.
Rab1 h6 16. Ne1 Bd7 17. Nc2 Bc6 18. Nf3 e5 19. Na3 Re8 20. Nb5 Qe7 21. Rfd1 Rb6
22. Qa5 Ra6 23. Qc7 Nfd7 24. Qd6 Qd8 25. Nc7 Bxf3 26. Nxa6 Nxa6 27. Bxf3 Re6 28.
Qd5 Nac5 29. Bg4 Re7 30. Bxd7 Nxd7 31. Rxb7 Qc8 32. Rdb1 Kh7 33. c5 Nf6 34. Qf3
e4 35. dxe4 Rxb7 36. Rxb7 Qxb7 37. Qf5+ Kg8 38. e5 Ne4 39. e6 fxe6 40. Qxe6+ Kh7
41. c6 Qb1+ 42. Kg2 Nd2 43. Kh3 Qf1+ 44. Kh4 Qxf2 45. c7 Qxh2+ 46. Qh3 g5+ 47.
Kg4 Qxe2+ 48. Kf5 Qc4 49. Kf6 Ne4+ 50. Ke5 Qxc7+ 51. Kxe4 Qd6 52. Kd3 Kg6 53.
Qc8 Qd5 54. Qa6+ Kh5 55. Qxa4 Qf3+ 56. Kc4 Qc3+ 57. Kd5 d3 58. Qd1+ Kg6 59. a4
Qc2 60. Qe1 d2 61. Qe6+ Kh5 62. Qh3+ Kg6 63. Qe6+ Kg7 64. Qe7+ Kg6 65. Qe6+ 1/2-1/2

[Event "Eurasian Blitz Chess Cup"]
[Site "Almaty KAZ"]
[Date "2016.06.19"]
[Round "15.15"]
[White "Savchenko, Boris"]
[Black "Pantsulaia, Levan"]
[Result "1-0"]
[WhiteTitle "GM"]
[BlackTitle "GM"]
[WhiteElo "2633"]
[BlackElo "2612"]
[WhiteFideId "4147332"]
[BlackFideId "13602071"]
[EventDate "2016.06.18"]

1. e4 c5 2. Nf3 e6 3. c3 Nf6 4. e5 Nd5 5. d4 cxd4 6. cxd4 b6 7. Bc4 Bb7 8. O-O
Qc7 9. Bxd5 Bxd5 10. Nc3 Qb7 11. Nh4 Be7 12. Qg4 Bxh4 13. Nb5 Kf8 14. Nd6 Qa6
15. Qxh4 Nc6 16. Bh6 Qd3 17. Bxg7+ Kxg7 18. Qf6+ Kg8 19. Qxf7# 1-0

[Event "Eurasian Blitz Chess Cup"]
[Site "Almaty KAZ"]
[Date "2016.06.19"]
[Round "15.18"]
[White "Khusnutdinov, Rustam"]
[Black "Yilmaz, Mustafa"]
[Result "0-1"]
[WhiteTitle "GM"]
[BlackTitle "GM"]
[WhiteElo "2476"]
[BlackElo "2613"]
[WhiteFideId "13701703"]
[BlackFideId "6302718"]
[EventDate "2016.06.18"]

1. Nc3 Nf6 2. e4 e5 3. g3 Bc5 4. Bg2 d6 5. Nge2 Nc6 6. d3 Be6 7. Be3 Qd7 8. h3
O-O-O 9. Qd2 Bxe3 10. fxe3 d5 11. exd5 Nxd5 12. O-O-O Qe7 13. Kb1 Qg5 14. Bxd5
Bxd5 15. e4 Qxd2 16. Rxd2 Be6 17. g4 h5 18. g5 h4 19. Rdd1 Rh5 20. Rdg1 Rd6 21.
Nb5 Rd8 22. Nbc3 a6 23. Nd1 Rd6 24. Ne3 Ne7 25. Rg2 Bd7 26. Ng1 Ng6 27. Nf3 Nf4
28. Rgh2 f6 29. gxf6 Rxf6 30. Ng4 Re6 31. Rf1 Ng6 32. Rhf2 Re7 33. Nfh2 c5 34.
Rf7 Kd8 35. R7f3 Be6 36. b3 Kc7 37. Kc1 Kd6 38. Kd2 b5 39. Ne3 Nf4 40. Nhg4 g6
41. R1f2 Rg5 42. a3 Bxg4 43. Nxg4 Nxh3 44. Rf6+ Re6 45. R2f3 Rxg4 46. Rxe6+ Kxe6
47. Rxh3 Rg2+ 48. Ke3 g5 49. c3 a5 50. a4 bxa4 51. bxa4 Kf6 52. Kf3 Rg1 53. Kf2
Rg4 54. Kf3 Rf4+ 55. Ke3 Kg6 56. d4 exd4+ 57. cxd4 cxd4+ 58. Kd3 Kh5 59. e5 g4
60. Rh1 g3 61. e6 Rf8 62. Kxd4 g2 63. Re1 h3 64. Re5+ Kh4 65. Re4+ Kg3 66. Re3+
Kh2 67. e7 Re8 68. Re2 Kh1 0-1

[Event "Eurasian Blitz Chess Cup"]
[Site "Almaty KAZ"]
[Date "2016.06.19"]
[Round "15.19"]
[White "Sanikidze, Tornike"]
[Black "Jumabayev, Rinat"]
[Result "0-1"]
[WhiteTitle "GM"]
[BlackTitle "GM"]
[WhiteElo "2548"]
[BlackElo "2613"]
[WhiteFideId "13602608"]
[BlackFideId "13702661"]
[EventDate "2016.06.18"]

1. d4 Nf6 2. c4 g6 3. f3 c5 4. d5 b5 5. e4 d6 6. cxb5 a6 7. Nc3 Bg7 8. bxa6 O-O
9. Be3 Nbd7 10. Qd2 Qa5 11. Rc1 Bxa6 12. Bxa6 Qxa6 13. Qe2 Rfb8 14. Qxa6 Rxa6
15. Rc2 Ne5 16. Ke2 Nfd7 17. Nh3 Nc4 18. Bc1 Bxc3 19. bxc3 Rba8 20. a3 Nxa3 21.
Bxa3 Rxa3 22. Rb1 R8a7 23. Nf2 Kg7 24. f4 f5 25. exf5 gxf5 26. g4 Nf6 27. Rd1
fxg4 28. Nxg4 Nxg4 29. Rg1 h5 30. h3 Ra1 31. Rg3 R1a2 32. Rxa2 Rxa2+ 33. Kd3 c4+
34. Ke4 Re2+ 35. Kd4 Rd2+ 36. Kxc4 Rg2 37. Rd3 Nf6 38. Re3 Kf7 39. Re1 Rf2 40.
Rd1 Rxf4+ 41. Kb5 Rf3 42. c4 Rxh3 43. c5 dxc5 44. Kxc5 Rf3 45. Rg1 Rf5 46. Kd4 0-1

[Event "Eurasian Blitz Chess Cup"]
[Site "Almaty KAZ"]
[Date "2016.06.19"]
[Round "15.20"]
[White "Utegaliyev, Azamat"]
[Black "Bologan, Viktor"]
[Result "0-1"]
[BlackTitle "GM"]
[WhiteElo "2494"]
[BlackElo "2654"]
[WhiteFideId "13702467"]
[BlackFideId "13900048"]
[EventDate "2016.06.18"]

1. e4 c5 2. Nc3 d6 3. g3 g6 4. Bg2 Bg7 5. Nge2 Nf6 6. d3 Nc6 7. O-O Rb8 8. f4
Bd7 9. h3 b5 10. a3 a5 11. a4 bxa4 12. g4 O-O 13. Nxa4 Ne8 14. Nac3 Nc7 15. f5
Nb5 16. Bd2 Nbd4 17. Rb1 Nb4 18. Nxd4 cxd4 19. Ne2 Qc7 20. Bxb4 Rxb4 21. Nf4 Bc6
22. h4 Qb6 23. b3 Qc5 24. g5 Be5 25. h5 gxf5 26. exf5 Bxg2 27. Nxg2 Rc8 28. Rf2
a4 29. g6 h6 30. bxa4 Rxa4 31. Rb7 Bf6 32. Qb1 fxg6 33. fxg6 Rca8 34. Qb3+ d5
35. Nf4 R4a5 36. Rd7 Qc6 37. Nxd5 Kh8 38. Nxf6 Ra1+ 39. Kh2 Rh1+ 40. Kg3 Rg1+
41. Kf4 Qxf6+ 42. Ke4 Re1+ 43. Kd5 Re5+ 44. Kxd4 Rf5+ 45. Ke3 Qe5+ 46. Kd2 Rxf2+ 0-1

[Event "Eurasian Blitz Chess Cup"]
[Site "Almaty KAZ"]
[Date "2016.06.19"]
[Round "15.21"]
[White "Anton Guijarro, David"]
[Black "Vahidov, Tair"]
[Result "1-0"]
[WhiteTitle "GM"]
[BlackTitle "GM"]
[WhiteElo "2627"]
[BlackElo "2435"]
[WhiteFideId "2285525"]
[BlackFideId "14200155"]
[EventDate "2016.06.18"]

1. e4 e5 2. Nf3 Nc6 3. Bb5 Bc5 4. Bxc6 dxc6 5. d3 f6 6. Be3 Bd6 7. Nc3 c5 8. Nd2
Be6 9. Qh5+ g6 10. Qe2 Qd7 11. a4 Ne7 12. Nc4 Nc6 13. Nb5 Nd4 14. Bxd4 cxd4 15.
Nbxd6+ cxd6 16. b3 O-O 17. O-O g5 18. a5 Rac8 19. Qd2 Kh8 20. Qb4 Rfd8 21. Rfe1
d5 22. exd5 Bxd5 23. f3 g4 24. f4 exf4 25. Re7 Qc6 26. Qd2 Bxc4 27. bxc4 Qd6 28.
Rae1 Rc7 29. R7e6 Qc5 30. Qxf4 Rf7 31. Rxf6 Rg7 32. Rf5 Qb4 33. Rf1 Rdg8 34.
Qxd4 h6 35. Rf7 Kh7 36. Qe4+ Kh8 37. Rxg7 Rxg7 38. Qe3 Kh7 39. Qe5 a6 40. c5 Qd2
41. Qe4+ Kg8 42. Qd5+ Kh7 43. Qf5+ 1-0

[Event "Eurasian Blitz Chess Cup"]
[Site "Almaty KAZ"]
[Date "2016.06.19"]
[Round "15.22"]
[White "Pak, Yevgeniy"]
[Black "Arutinian, David"]
[Result "0-1"]
[WhiteTitle "IM"]
[BlackTitle "GM"]
[WhiteElo "2401"]
[BlackElo "2527"]
[WhiteFideId "14201712"]
[BlackFideId "13601741"]
[EventDate "2016.06.18"]

1. Nf3 Nf6 2. c4 e6 3. g3 d5 4. Bg2 d4 5. O-O c5 6. d3 Nc6 7. e3 h6 8. exd4 cxd4
9. Na3 Bc5 10. Re1 O-O 11. Nc2 a5 12. Bd2 Re8 13. a3 a4 14. Nb4 Nd7 15. Nxc6
bxc6 16. Ne5 Nxe5 17. Rxe5 Bd6 18. Bxc6 Ra6 19. Bxe8 Bxe5 20. Bxa4 Bb7 21. Bb5
Ra8 22. Qe2 Bc7 23. Re1 e5 24. Qg4 Qf6 25. Bd7 Rd8 26. Bf5 Qb6 27. b4 Ra8 28.
Bc1 g6 29. c5 Qa6 30. Bxh6 Kh7 31. Qg5 Bd8 32. Qg4 gxf5 33. Qxf5+ Kxh6 34. Qxf7
Qc6 35. Re4 Bf6 36. h4 Bg7 37. g4 Rf8 38. g5+ Kh7 39. Qh5+ Kg8 40. g6 Rf6 41.
Qh7+ Kf8 42. h5 Qe6 43. Rh4 Qf5 44. Rh2 Qg4+ 0-1

[Event "Eurasian Blitz Chess Cup"]
[Site "Almaty KAZ"]
[Date "2016.06.19"]
[Round "15.23"]
[White "Gunina, Valentina"]
[Black "Kostenko, Petr"]
[Result "1-0"]
[WhiteTitle "GM"]
[BlackTitle "GM"]
[WhiteElo "2518"]
[BlackElo "2476"]
[WhiteFideId "4167570"]
[BlackFideId "13700669"]
[EventDate "2016.06.18"]

1. d4 e6 2. c4 f5 3. g3 Nf6 4. Bg2 Be7 5. Nf3 O-O 6. O-O d5 7. b3 b6 8. Bf4 Ne4
9. Qc2 c6 10. Nbd2 Bb7 11. a4 a5 12. Ne5 Na6 13. Nxe4 dxe4 14. Rad1 Nb4 15. Qc1
Bf6 16. h4 Qe7 17. f3 exf3 18. Bxf3 Rad8 19. Qe3 c5 20. Bxb7 Qxb7 21. dxc5 bxc5
22. Qxc5 Qe4 23. Nd7 Qxe2 24. Rd2 Qxd2 25. Nxf6+ Rxf6 26. Bxd2 Rxd2 27. Qc8+ Kf7
28. Qc7+ Kg6 29. Qxa5 1-0

[Event "Eurasian Blitz Chess Cup"]
[Site "Almaty KAZ"]
[Date "2016.06.19"]
[Round "15.24"]
[White "Harika, Dronavalli"]
[Black "Potkin, Vladimir"]
[Result "1/2-1/2"]
[WhiteTitle "GM"]
[BlackTitle "GM"]
[WhiteElo "2514"]
[BlackElo "2597"]
[WhiteFideId "5015197"]
[BlackFideId "4131061"]
[EventDate "2016.06.18"]

1. c4 Nf6 2. Nc3 e5 3. g3 Bb4 4. Bg2 O-O 5. Nd5 Nxd5 6. cxd5 d6 7. a3 Bc5 8. e3
Bf5 9. Ne2 Nd7 10. O-O Bb6 11. d4 Qe7 12. e4 Bg4 13. f3 Bh5 14. Be3 Rae8 15. Qd2
f5 16. dxe5 Nxe5 17. Bxb6 axb6 18. Nd4 fxe4 19. fxe4 Bg4 20. Rf4 Bd7 21. Raf1
Ng6 22. Rxf8+ Rxf8 23. Rxf8+ Qxf8 24. Qc3 Qd8 25. Nf3 Bg4 26. Nd2 Ne5 27. Nc4
Nxc4 28. Qxc4 Qe7 29. h3 Bh5 30. b4 Be8 31. Qc3 Bb5 32. Qc2 h6 33. Kh2 Kf8 34.
a4 Be8 35. a5 bxa5 36. bxa5 Bb5 37. Qf2+ Kg8 38. Qb2 Ba6 39. Qc3 Kf8 40. h4 Ke8
41. Qc2 Kd8 42. Bh3 Qf6 43. Bg2 g5 44. hxg5 hxg5 45. Qd2 Qe5 46. Qf2 Ke7 47. Qd2
Qh8+ 48. Kg1 Qe5 49. Kh2 Kd8 50. Qf2 Ke7 51. Qd2 Qf6 52. Kg1 Qe5 53. Kh2 Qh8+
54. Kg1 Qe5 55. Kh2 Bb5 56. Qc1 Kd8 57. Qd2 c6 58. dxc6 Bxc6 59. Qe3 Kc8 60. Qd2
Kb8 61. Qe1 d5 62. Qd2 d4 63. Qb2 Bxe4 64. Bxe4 Qxe4 65. Qb4 Qe2+ 66. Kg1 Qe3+
67. Kg2 d3 68. Qc3 Qe2+ 69. Kg1 d2 70. Qh8+ Kc7 71. Qc3+ Kd6 72. Qd4+ Kc6 73.
Qb6+ Kd5 74. Qxb7+ Kd4 75. Qb2+ Ke3 76. Qe5+ Kf3 77. Qf5+ Kxg3 78. Qxg5+ Kf3 79.
Qh5+ Ke3 80. Qe5+ Kd3 81. Qb5+ Ke3 82. Qe5+ Kf3 83. Qh5+ Ke3 84. Qe5+ 1/2-1/2

[Event "Eurasian Blitz Chess Cup"]
[Site "Almaty KAZ"]
[Date "2016.06.19"]
[Round "16.2"]
[White "Kasimdzhanov, Rustam"]
[Black "Jobava, Baadur"]
[Result "0-1"]
[WhiteTitle "GM"]
[BlackTitle "GM"]
[WhiteElo "2703"]
[BlackElo "2669"]
[WhiteFideId "14200244"]
[BlackFideId "13601520"]
[EventDate "2016.06.18"]

1. e4 d6 2. d4 Nf6 3. Nc3 e5 4. Nf3 Nbd7 5. Bc4 Be7 6. O-O O-O 7. a4 a5 8. Re1
b6 9. d5 Nc5 10. b3 g6 11. Bh6 Re8 12. h3 Bf8 13. Bg5 h6 14. Bd2 Bg7 15. Bb5 Rf8
16. Nh2 Nh7 17. Be3 f5 18. Bxc5 bxc5 19. Bd3 h5 20. Nb1 Nf6 21. Nd2 Bh6 22. Nc4
Nxe4 23. Bxe4 fxe4 24. Rxe4 Bf5 25. Re1 Qf6 26. Qe2 Bf4 27. Nf1 Rf7 28. Rad1 g5
29. Ng3 g4 30. Nxh5 Qg5 31. Nxf4 exf4 32. hxg4 Bxg4 33. f3 Bf5 34. Qf2 Rh7 35.
Kf1 Rh2 36. Nd2 Bxc2 37. Ne4 Bxe4 38. Rxe4 Rb8 39. Rd3 Kf7 40. Rc3 Rg8 41. Rc2
Qxd5 42. Rxf4+ Ke8 43. Qe3+ Kd7 44. Rd2 Qg5 45. Rf7+ Kd8 46. Qxg5+ Rxg5 47. f4
Rg3 48. Rb2 Rc3 49. Kf2 Rd3 50. Kg1 Rh8 51. Kf2 Rg8 52. f5 Rg4 53. f6 Rf4+ 54.
Kg1 Rd1+ 55. Kh2 Rd5 56. Kg3 Rdf5 57. Rf8+ Kd7 58. Ra8 Rxf6 59. Rxa5 Rb4 60. Ra8
c4 61. Rc2 cxb3 62. Rb2 c5 63. Ra7+ Kc6 64. Ra6+ Kb7 65. Ra5 c4 0-1

[Event "Eurasian Blitz Chess Cup"]
[Site "Almaty KAZ"]
[Date "2016.06.19"]
[Round "16.3"]
[White "Artemiev, Vladislav"]
[Black "Amonatov, Farrukh"]
[Result "1/2-1/2"]
[WhiteTitle "GM"]
[BlackTitle "GM"]
[WhiteElo "2653"]
[BlackElo "2614"]
[WhiteFideId "24101605"]
[BlackFideId "14700077"]
[EventDate "2016.06.18"]

1. Nf3 Nf6 2. g3 g6 3. b3 Bg7 4. Bb2 b6 5. Bg2 Bb7 6. c4 O-O 7. O-O d6 8. d4 e6
9. Qc2 Nbd7 10. Nc3 c5 11. Rad1 Qe7 12. dxc5 Nxc5 13. Nd4 Bxg2 14. Kxg2 a6 15.
b4 Qb7+ 16. Nf3 Nce4 17. Nxe4 Qxe4 18. Qxe4 Nxe4 19. Bxg7 Kxg7 20. Rd4 f5 21.
Nd2 Nc3 22. Rxd6 Rfd8 23. c5 Rxd6 24. cxd6 Rd8 25. Nc4 b5 26. Ne5 Rxd6 27. Rc1
Nxa2 28. Rc7+ Kg8 29. Rc8+ Kg7 30. Rc7+ Kg8 31. Rc8+ Kg7 32. Rc7+ Kg8 1/2-1/2

[Event "Eurasian Blitz Chess Cup"]
[Site "Almaty KAZ"]
[Date "2016.06.19"]
[Round "16.4"]
[White "Ponomariov, Ruslan"]
[Black "Svidler, Peter"]
[Result "1-0"]
[WhiteTitle "GM"]
[BlackTitle "GM"]
[WhiteElo "2706"]
[BlackElo "2759"]
[WhiteFideId "14103320"]
[BlackFideId "4102142"]
[EventDate "2016.06.18"]

1. e4 c5 2. Nf3 e6 3. d4 cxd4 4. Nxd4 a6 5. Nc3 b5 6. Bd3 Qb6 7. Nf3 Nc6 8. O-O
Qb8 9. Bg5 Nge7 10. a4 b4 11. Ne2 Ng6 12. Ned4 Nxd4 13. Nxd4 Bd6 14. Qh5 Nf4 15.
Bxf4 Bxf4 16. Nf3 O-O 17. a5 Qc7 18. g3 Bh6 19. Rfe1 Bb7 20. h4 Rfc8 21. Nh2 Qc5
22. Qxc5 Rxc5 23. Ng4 Bc6 24. Nxh6+ gxh6 25. f3 Bb5 26. Kf2 Bxd3 27. cxd3 Rc2+
28. Re2 Rac8 29. Re1 R8c5 30. Ke3 Rxe2+ 31. Rxe2 Rxa5 32. Kd4 Ra1 33. Kc4 a5 34.
h5 Rg1 35. g4 Rf1 36. Kb5 Rxf3 37. Kxa5 Rxd3 38. Kxb4 d5 39. exd5 Rxd5 40. Kc4
Rg5 41. Re4 Kf8 42. b4 Ke7 43. b5 Kd6 44. Kb4 Kc7 45. Ka5 Rd5 46. Rc4+ Kb7 47.
Rf4 f5 48. gxf5 exf5 49. Rf1 Rd6 50. Rxf5 Re6 51. Rf7+ Kb8 52. Rxh7 Ka8 53. Rg7 1-0

[Event "Eurasian Blitz Chess Cup"]
[Site "Almaty KAZ"]
[Date "2016.06.19"]
[Round "16.5"]
[White "Le, Quang Liem"]
[Black "Gelfand, Boris"]
[Result "1-0"]
[WhiteTitle "GM"]
[BlackTitle "GM"]
[WhiteElo "2718"]
[BlackElo "2734"]
[WhiteFideId "12401137"]
[BlackFideId "2805677"]
[EventDate "2016.06.18"]

1. d4 Nf6 2. c4 g6 3. Nc3 d5 4. cxd5 Nxd5 5. e4 Nxc3 6. bxc3 Bg7 7. Nf3 c5 8.
Be3 Qa5 9. Qd2 Nc6 10. Rb1 a6 11. Rc1 cxd4 12. cxd4 Qxd2+ 13. Kxd2 e6 14. Bd3
O-O 15. e5 Rd8 16. Bg5 Re8 17. Be4 Bd7 18. h4 h6 19. Be3 Rac8 20. h5 g5 21. Nh2
Na5 22. Ng4 Nc4+ 23. Ke2 Bb5 24. Bd3 Nxe3 25. Kxe3 Bc6 26. Be4 Bxe4 27. Kxe4 Kf8
28. a4 Ke7 29. Rb1 Rc7 30. Rb6 Rd8 31. Rhb1 Rdd7 32. R1b4 Kd8 33. Ne3 Bf8 34.
Rb3 Kc8 35. g3 Rc1 36. Rb1 Rc3 37. R6b3 Rc6 38. f4 gxf4 39. gxf4 Bg7 40. f5
exf5+ 41. Nxf5 Bf8 42. Rg1 Rc4 43. Rg8 Rd8 44. Rxf8 1-0